00922nam a2200325Ia 4500008004000000041000800040082001100048100002500059245009700084260004900181300001800230650001000248650000800258650001100266650001200277650000700289650001000296650001000306650001600316650001200332650001200344650001200356650001300368650000800381690002200389700002000411906001100431999001900442952013500461210210b1952 xxu||||| |||| 00| 0 eng d aeng a320/95 aCARTER (Gwendolen M) aMajor foreign powers: the governments of Great Britain, France, the Soviet Union and Germany aNew YorkbHarcourt, Brace & World Inc.c1952 axxiii,815,cix aUnion athe aSoviet apowers: aof aMajor aGreat agovernments aGermany aFrance, aforeign aBritain, aand aPolitical Science aRANNEY (John C) a001846 c117165d117165 001040708Political ScienceaALbALcPolitical Scienced2021-02-17g0.00l0o320/95p001846r2021-02-17 00:00:00w2021-02-17yBK